000 01347cam a22003615i 4500
001 000601
003 BD-ChCU
005 20230204155846.0
008 141204s2012 ii a b 000 0 eng
010 _a2013413668
020 _a9789843358011
025 _aI-E-2013-413668; 22-90
037 _bLibrary of Congress -- New Delhi Overseas Office
040 _aDLC
_beng
_cDLC
_dBD-ChCU
041 0 _aeng
_aben
042 _alcode
082 _a551.6/C545c
100 1 _aPaul Chowdhury, Susanta Kumar,
_eauthor.
245 1 0 _aClimate change:
_ccompiled and written by Susanta Kumar Paul Chowdhury & Gulshan Ara Latifa = Jalabāyu paribartana : mat̲sya sampada o cāshe prabhāta.
_cimplication for fisheries and aquaculture
246 3 1 _aJalabāyu paribartana : mat̲sya sampada o cāshe prabhāta
264 1 _aSylhet :
_bMonika Publication,
_c2012.
300 _a167 pages :
_billustrations ;
_c22 cm
336 _atext
_btxt
_2rdacontent
337 _aunmediated
_bn
_2rdamedia
338 _avolume
_bnc
_2rdacarrier
504 _aIncludes bibliographical references.
546 _aIn English and Bengali.
650 _aClimate change,Climate
700 1 _aLatifa, Gulshan Ara,
_eauthor.
906 _a7
_bpar
_corignode
_d3
_encip
_f20
_gy-gencatlg
942 _2ddc
_cBK
999 _c601
_d601